8 E-Commerce trendov, ktoré ovplyvňujú váš biznis

Nové trendy v e-commerce. Inšpirácie pre menšie e-shopy. Kvalitné fotgrafie. Videá. Inzercia na Instagrame. Kamenné predajne. Mobilný e-commerce. Personalizovaná reklama a remarkerting. Marketplace.

Salvato in:
Dettagli Bibliografici
Autore principale: Hambalíková, Karin
Natura: Capitolo di libro
Lingua:slovacco
Soggetti:
Tags: Aggiungi Tag
Nessun Tag, puoi essere il primo ad aggiungerne!!

MARC

LEADER 00000naa a2200000 4500
001 0246572
005 20180730084838.2
041 0 |a slo 
044 |a SK 
245 1 0 |a 8 E-Commerce trendov, ktoré ovplyvňujú váš biznis  |c Karin Hambalíková 
520 |a Nové trendy v e-commerce. Inšpirácie pre menšie e-shopy. Kvalitné fotgrafie. Videá. Inzercia na Instagrame. Kamenné predajne. Mobilný e-commerce. Personalizovaná reklama a remarkerting. Marketplace. 
610 2 0 |a obchod elektronický 
610 2 0 |a inzercia 
610 2 0 |a marketing elektronický 
610 2 0 |a siete sociálne 
610 2 0 |a reklama 
100 1 |a Hambalíková, Karin